Tanácsülés elé kerül Szeged közlekedésének helyzete
Elmentve itt :
| Dokumentumtípus: | Cikk |
|---|---|
| Megjelent: |
1967-10-25
|
| Sorozat: | Délmagyarország
57 No. 252 |
| Kulcsszavak: | Árvai József, Molnár János, Közlekedés fejlesztése Szeged 1967, közlekedés |
| Online Access: | http://dmarchiv.bibl.u-szeged.hu/69326 |
| LEADER | 00498nab a2200145 i 4500 | ||
|---|---|---|---|
| 001 | delm69326 | ||
| 005 | 20180927153716.0 | ||
| 008 | 180927s1967 hu o 0|| hun d | ||
| 040 | |a SZTE Délmagyarország Archívum |b hun | ||
| 041 | |a hun | ||
| 245 | 0 | 0 | |a Tanácsülés elé kerül Szeged közlekedésének helyzete |h [elektronikus dokumentum] |
| 260 | |c 1967-10-25 | ||
| 300 | |a 1 | ||
| 490 | 0 | |a Délmagyarország |v 57 No. 252 | |
| 695 | |a Árvai József, Molnár János, Közlekedés fejlesztése Szeged 1967, közlekedés | ||